Spiritual growth and care in the fourth age of life (Record no. 186805)
[ view plain ]
| 000 -LEADER | |
|---|---|
| fixed length control field | 02462nam a2200361Ia 4500 |
| 082 04 - DEWEY DECIMAL CLASSIFICATION NUMBER | |
| Classification number | 259/.3 |
| 100 1# - MAIN ENTRY--AUTHOR NAME | |
| Personal name | MacKinlay, Elizabeth, |
| 245 10 - TITLE STATEMENT | |
| Title | Spiritual growth and care in the fourth age of life |
| 260 ## - PUBLICATION, DISTRIBUTION, ETC. (IMPRINT) | |
| Place of publication | London ; |
| -- | Philadelphia : |
| Name of publisher | Jessica Kingsley Publishers, |
| Year of publication | 2006. |
| 300 ## - PHYSICAL DESCRIPTION | |
| Number of Pages | 271 p. : |
| Other physical details | ill. |
| 505 0# - FORMATTED CONTENTS NOTE | |
| Formatted contents note | The spiritual dimension of ageing and people in need of care -- The studies of frail older people and staff in aged care -- Assessment of spirituality and spiritual needs : a developmental approach -- Meaning in life and frailty in the later years -- Wisdom, final meaning, the spiritual journey and frail older people -- Spiritual reminiscence : provisional and final meanings in frail older people -- The spiritual journey and mental health amongst older adults in need of care -- Meeting the challenge : older people with memory loss and dementia -- Worship and use of ritual among older people : working in multifaith and multicultural societies -- Vulnerability and transcendence, living in a disintegrating body and failure to thrive -- Vulnerability, transcendence -- Living with chronic physical health problems -- Relationship and intimacy needs among nursing home residents -- Grief, death, dying and spirituality in an aged care facility -- Ethical issues in the fourth age of life -- The model of spiritual growth and care in the fourth age of life. |
| 650 #0 - SUBJECT ADDED ENTRY--TOPICAL TERM | |
| Topical Term | Older people |
| Topical Term | Older people |
| Topical Term | Older people |
| 856 40 - ELECTRONIC LOCATION AND ACCESS | |
| Uniform Resource Identifier | http://site.ebrary.com/lib/rucke/Doc?id=10141170 |
No items available.
